00781nam a22001932 4500001001100000005001700011008004100028040001500069100003700084245017900121250001300300260004100313300003200354650003700386908001100423950000600434999001700440952013000457000002343620151217161557.0121129s xx 000 0 eng d aKABUcKABU1 aWachira, Margaret M.@000018282410aEffects of micro credit on the performance of women-owned income generating projects :ba survey of microfinance funded projects in Eldama Ravine town /cMargaret M. Wachira. a1st ed. aNakuru :bKabarak University,c2012. axii, 69 leaves +e1 CD-ROM. 0aMicrofinancezKenya.@0000182793 a121129 @1 c15373d15373 00102lcc70aKABUbKABUd2015-12-17l3oHG178.33 .K46W33 2012 c. 1p014154r2016-04-01 00:00:00s2016-04-01w2015-12-17yTHE